Priame zahraničné investície - významný determinant ekonomiky Slovenska

Prílev zahraničných investícií v rokoch 2008-2010. Teritoriálna a odvetvová štruktúra prílevu priamych zahraničných investícií. Prílev PZI z Holandska, Nemecka, Rakúska a Cypru. Regionálna štruktúra PZI podľa počtu zrealizovaných projektov.

Saved in:
Bibliographic Details
Main Author: Neumannová, Anna
Format: Book Chapter
Language:Slovak
Subjects:
Tags: Add Tag
No Tags, Be the first to tag this record!

MARC

LEADER 00000nla$a2200000$$$4500
001 0142872
005 20240502072548.6
041 0 |a slo 
044 |a SK 
245 1 0 |a Priame zahraničné investície - významný determinant ekonomiky Slovenska  |c Anna Neumannová 
520 |a Prílev zahraničných investícií v rokoch 2008-2010. Teritoriálna a odvetvová štruktúra prílevu priamych zahraničných investícií. Prílev PZI z Holandska, Nemecka, Rakúska a Cypru. Regionálna štruktúra PZI podľa počtu zrealizovaných projektov. 
610 2 0 |a investície priame zahraničné 
610 2 0 |a odvetvia priemyselné 
610 2 0 |a investori 
610 2 0 |a regióny 
610 2 0 |a kraje 
610 2 0 |a rozvoj regionálny 
610 2 0 |a zamestnanosť 
610 2 0 |a miesta pracovné 
610 2 0 |a Slovensko 
100 1 |a Neumannová, Anna